|
|
|
|
| LEADER |
00000cam a2200000 c 4500 |
| 001 |
1601305907 |
| 003 |
DE-627 |
| 005 |
20220604151350.0 |
| 007 |
tu |
| 008 |
910815s1990 xx ||||| 00| ||dut c |
| 020 |
|
|
|a 9060007298
|9 90-6000-729-8
|
| 035 |
|
|
|a (DE-627)1601305907
|
| 035 |
|
|
|a (DE-576)025297473
|
| 035 |
|
|
|a (DE-599)BSZ025297473
|
| 035 |
|
|
|a (OCoLC)23770943
|
| 040 |
|
|
|a DE-627
|b ger
|c DE-627
|e rakwb
|
| 041 |
|
|
|a dut
|
| 100 |
1 |
|
|a Blouw, Hidde de
|4 aut
|
| 245 |
1 |
0 |
|a Professie, macht en dienstbaarheid
|b 40 jaar politieleiding aan het woord
|c H. de Blouw; F. M. Copini; P. J. P. M. van Lochem
|
| 264 |
|
1 |
|a Arnhem
|b Gouda Quint
|c 1990
|
| 300 |
|
|
|a IX, 455 S.
|b Ill.
|
| 336 |
|
|
|a Text
|b txt
|2 rdacontent
|
| 337 |
|
|
|a ohne Hilfsmittel zu benutzen
|b n
|2 rdamedia
|
| 338 |
|
|
|a Band
|b nc
|2 rdacarrier
|
| 583 |
1 |
|
|a Archivierung prüfen
|c 20200919
|f DE-640
|z 2
|2 pdager
|
| 700 |
1 |
|
|a Copini, Frans M.
|0 (DE-627)1238061125
|0 (DE-576)168061120
|4 aut
|
| 700 |
1 |
|
|a Lochem, Peter J. van
|0 (DE-627)1238061133
|0 (DE-576)168061139
|4 aut
|
| 951 |
|
|
|a BO
|
| ELC |
|
|
|b 1
|
| LOK |
|
|
|0 000 xxxxxcx a22 zn 4500
|
| LOK |
|
|
|0 001 3075160784
|
| LOK |
|
|
|0 003 DE-627
|
| LOK |
|
|
|0 004 1601305907
|
| LOK |
|
|
|0 005 20151014112246
|
| LOK |
|
|
|0 008 910815||||||||||||||||ger|||||||
|
| LOK |
|
|
|0 040
|a DE-21
|c DE-627
|d DE-21
|
| LOK |
|
|
|0 852
|a DE-21
|
| LOK |
|
|
|0 852 1
|c KB 18 A 8415
|9 00
|
| LOK |
|
|
|0 935
|a krim
|
| LOK |
|
|
|0 939
|a 15-08-91
|b l01
|
| ORI |
|
|
|a SA-MARC-krimdoka001.raw
|
| SIG |
|
|
|a UB: KB 18 A 8415
|